| 000 | 00579nam a2200145Ia 4500 | ||
|---|---|---|---|
| 008 | 151213s9999 xx 000 0 und d | ||
| 100 | _aনীরেন্দ্রনাথ চক্রবর্তী | ||
| 245 |
_aকবিতার কি ও কেন। _cনীরেন্দ্রনাথ চক্রবর্তী |
||
| 260 |
_aকোলকাতা _bদে’জ পাবলিশার _c1982 |
||
| 300 | _a8449 p. | ||
| 650 | _aBangla | ||
| 650 | _aBengali Literature | ||
| 700 | _aনীরেন্দ্রনাথ চক্রবর্তী | ||
| 999 |
_c4287 _d4287 |
||